000 00780nam a2200241 4500
003 DO-SdBPM
005 20250128091259.0
008 161121b2000 ch ||| 00| 0 spa d
020 _a9780746038277
040 _aDO-SdBPM
_bspa
_cBPMSU
082 4 _a372.4
_bV573f 2000
_222
245 0 0 _aVery Fierst words /
_cFotografía Woward Allman
260 _aChina :
_bUsborne Publishing,
_c2000
300 _avarias paginaciones :
_bilustraciones :
_c22 cm
590 _aInventariado, 2025/VM
650 4 _a Palabras y frases
_xEnseñanza preescolar
_x
650 4 _aInglés
_xFonética
650 4 _aLibros ilustrados para niños
_2
700 1 _aWoward Allman
_efotografía
710 2 _aUsborne Publishing
910 _aVMateo V. Control de calidad. BPMSU
942 _2ddc
_cBK
999 _c14916
_d14916